Estracto sacado de la 2ª edición de los estudios sobre la conservación de las carnes de mesa, i ventajas de su esplotación

Shranjeno v:
Bibliografske podrobnosti
Glavni avtor: Vázquez, Anjel (Author)
Format: Knjiga
Jezik:španščina
Izdano: Santiago Imprenta de Correo, de R. Varela 1876
Izdaja:1a. ed
Teme:
Oznake: Označite
Brez oznak, prvi označite!

MARC

LEADER 00000nam a2200000 a 4500
001 UCJ6392
003 CL-VaPUC
008 070124e18760000CL |||||||||||||||||spa|d
082 0 4 |a 641  |b VAZ  |2 21 
100 0 |a Vázquez, Anjel  |e author  |9 512993 
245 1 0 |a Estracto sacado de la 2ª edición de los estudios sobre la conservación de las carnes de mesa, i ventajas de su esplotación 
250 |a 1a. ed 
300 |a 46 p 
942 |c BK 
945 |d 20070124 00:00:00  |a rinostro 
260 |a Santiago  |b Imprenta de Correo, de R. Varela  |c 1876 
500 |a Empastado, junto a otras monografías, en un volumen rotulado Varios 983 
650 0 |a Alimentos  |9 256203 
650 0 |a Carne  |9 259507 
650 7 |a CONSERVAS  |2 CL-VaPUC  |9 405567 
650 7 |a SANIDAD  |2 CL-VaPUC  |9 354577 
583 |a last modification  |c 20180123 05:07:54  |k Rodrigo Vera 
999 |c 322498  |d 322496 
952 |0 0  |1 0  |4 0  |6 641_000000000000000_VAZ_1876  |7 0  |8 X  |9 401499  |a FDOBUD  |b FDOBUD  |d 2019-11-22  |i 1047507  |o 641 VAZ 1876  |p 1047507  |r 2019-11-22  |w 2019-11-22  |y BK_X  |k BUD